Managing special needs in the primary school

Αποθηκεύτηκε σε:
Λεπτομέρειες βιβλιογραφικής εγγραφής
Κύριος συγγραφέας: Dean, Joan
Μορφή: Βιβλίο
Γλώσσα:English
Δημοσίευση: London : Routledge, 1996
Σειρά:Educational management series
Θέματα:
Ετικέτες: Προσθήκη ετικέτας
Δεν υπάρχουν, Καταχωρήστε ετικέτα πρώτοι!

MARC

LEADER 00000nam a2200000 i 4500
001 1/93946
008 991123s1996 eng d
020 |a 0-415-13030-1 
035 |l 10054607 
040 |a GR-MY-UA  |b gre  |e aacr 
041 0 |a eng 
082 0 |a 371.90941 
100 1 |a Dean, Joan. 
245 1 0 |a Managing special needs in the primary school /  |c John Dean 
260 |a London :   |b Routledge,   |c 1996 
300 |a 199 p. 
490 1 |a Educational management series 
650 0 0 |a Special education  |z Great Britain. 
650 0 0 |a School management and organization  |z Great Britain. 
830 0 |a Educational management series 
852 |a INST  |b RHODES  |e 19991123  |h 371.90941 DEA  |p 005400012782  |q 005400012782  |t BK  |y 0 
901 |a BIBL4-1999-3 
909 |a Ρ  |b 070014 
922 |a 4ΕΛΗ  |b 199910  |c ΚΠΣ/154  |d GLORY BOOKS 
970 |a ΚΟΥΛΑΚΙΟΤΗ  |b ΛΙΤΣΑ  |z 1999/11/23